000 01922nam0a2200349 4500
001 RU\NLR\BIBL_A\022340023
005 20260420015219.0
010 _a978-5-16-019693-0
_9500
021 _aRU
_bКН-П-24-047591
_9КН-П-24-4734
035 _a(NLR Aleph) 022340023
090 _a13666199
_c13666199
100 _a20241002d2024 u y0rusy50 ca
101 0 _arus
_aeng
102 _aRU
105 _aa j 000yy
181 0 _ai3
_baxxe
182 0 _an
200 1 _aАнглийский язык
_eпрофессиональная сфера коммуникации
_eучебное пособие
_eпо направлению 41.03.05 "Международные отношения", профиль 41.03.05.31 "Международные отношения и внешняя политика"
_fЮ. И. Дзись, С. Г. Селихова, Н. А. Сидорова
_gСибирский федеральный университет
203 _aТекст
_bвизуальный
_cнепосредственный
210 _aМосква
_cИНФРА-М
_aКрасноярск
_cСФУ
_d2024
215 _a166 с.
_cтабл.
_d25
225 1 _aВысшее образование
320 _aБиблиогр.: с. 166 (26 назв.)
606 1 _aАнглийский язык
_xУчебные издания для специалистов в области международных отношений
_92132077
_3RU\NLR\AUTH\661590243
686 1 _aШ143.21-93рус329.2
700 1 _aДзись
_bЮ. И.
_gЮлия Ивановна
701 1 _aСелихова
_bС. Г.
_gСветлана Григорьевна
701 1 _aСидорова
_bН. А.
_cпреподаватель, английский язык
_gНадежда Александровна
_3RU\NLR\AUTH\770273788
942 _cBOOK
980 _aNB